000 00429cam a2200181ua 4500
020 _c3.50
041 _ahin
_h
082 _a891.54
_bSAV/AN
100 _aSavitri Sinha, .
245 _aAnu sandhan ka swaroop /
_cSavitri sinha.
_hTextual Documents
250 _a1 /
_b.
260 _a :
_bAtmaram and Sons ,
_c1954.
300 _a151 ; .
365 _a3.50
504 _a
942 _cBK
999 _c6414
_d6414